| 000 | 02054nam0a2200385 4500 | ||
|---|---|---|---|
| 001 | RU\NLR\BIBL_A\012693637 | ||
| 005 | 20220203142016.0 | ||
| 010 |
_a978-5-04-119391-1 _94000 |
||
| 021 |
_aRU _bКН-П-21-066965 _9КН-П-21-5290 |
||
| 021 |
_aRU _bКН-П-22-068682 _9КН-П-22-5980 |
||
| 035 | _a(NLR Aleph) 012693637 | ||
| 035 | _a(RuMoRGB)010820950 | ||
| 090 |
_a12855263 _c12855263 |
||
| 100 | _a20220126d2021 b y0rusy50 ca | ||
| 101 | 1 |
_arus _ceng |
|
| 102 | _aRU | ||
| 105 | _aa|||z|||000ay | ||
| 181 | 1 |
_ai3 _bab2e |
|
| 182 | 1 | _an | |
| 200 | 1 |
_aСказки _e[для дошкольного возраста _eтекст для чтения взрослыми детям] _fРедьярд Киплинг _g[перевод с английского Любови Хавкиной] _gиллюстрации Владимира Канивца |
|
| 203 |
_aТекст _bвизуальный _cнепосредственный |
||
| 210 |
_aМосква _c#эксмодетство _cЭксмо _d2021 |
||
| 215 |
_a148, [4] с. _cцв. ил. _d23 |
||
| 225 | 1 | _aКоллекция сказок | |
| 330 | _aЗнаменитые сказки Р. Киплинга из книги <Сказки просто так>. В них объясняется, как животные приняли свой вид, например, как появились Броненосцы, откуда у Слоненка длинный хобот, как Кит получил свою глотку, а Верблюд - свой горб, и другие.. | ||
| 333 | _a0+ | ||
| 686 | 0 | _aШ9(4Вл)60-4 | |
| 700 | 1 |
_7ca _8rus _aКиплинг _bР. _f1865-1936 _gРедьярд _9115925 _3RU\NLR\AUTH\775969 |
|
| 702 | 1 |
_4040 _7ca _8rus _aКанивец _bВ. М. _cхудожник-иллюстратор _f1957- _gВладимир Михайлович _944706 _3RU\NLR\AUTH\7761776 |
|
| 942 | _cBOOK | ||
| 980 | _aNB | ||